Tuyển thơ Thăng Long - Hà Nội mười thế kỷ
Nội dung giới thiệu tất các các bài thơ nói về Thăng Long - Hà Nội của các nhà thơ Việt Nam có tình yêu đặc biệt về Hà Nội trong thế kỷ 20.
محفوظ في:
| التنسيق: | كتاب |
|---|---|
| اللغة: | Undetermined |
| منشور في: |
Hà Nội
Nhà xuất bản Hà Nội
2010
|
| الموضوعات: | |
| الوسوم: |
إضافة وسم
لا توجد وسوم, كن أول من يضع وسما على هذه التسجيلة!
|
| Thư viện lưu trữ: | Trung tâm Học liệu Trường Đại học Cần Thơ |
|---|
| LEADER | 00916nam a2200205Ia 4500 | ||
|---|---|---|---|
| 001 | CTU_165305 | ||
| 008 | 210402s9999 xx 000 0 und d | ||
| 082 | |a 895.9221008 | ||
| 082 | |b T527/T.2 | ||
| 245 | 0 | |a Tuyển thơ Thăng Long - Hà Nội mười thế kỷ | |
| 245 | 0 | |c Bằng Việt ( tuyển chọn và giới thiệu ) ... [ et al. ] | |
| 260 | |a Hà Nội | ||
| 260 | |b Nhà xuất bản Hà Nội | ||
| 260 | |c 2010 | ||
| 520 | |a Nội dung giới thiệu tất các các bài thơ nói về Thăng Long - Hà Nội của các nhà thơ Việt Nam có tình yêu đặc biệt về Hà Nội trong thế kỷ 20. | ||
| 650 | |a Vietnamese poetry,Thơ Việt Nam | ||
| 650 | |x Collection,Tuyển tập | ||
| 650 | |y 20 century,Thế kỷ 20 | ||
| 904 | |i QHieu | ||
| 980 | |a Trung tâm Học liệu Trường Đại học Cần Thơ | ||